Il vizio di vivere

Đã lưu trong:
Chi tiết về thư mục
Tác giả chính: Rosanna Benzi
Định dạng: Sách
Ngôn ngữ:Tiếng không xác định
Được phát hành: Rusconi
Các nhãn: Thêm thẻ
Không có thẻ, Là người đầu tiên thẻ bản ghi này!

MARC

LEADER 00000nam a2200000Ia 4500
001 R-573
003 CODICE-MESSINA
005 20260212102453.0
008 260211s9999 xx 000 0 und d
040 |c importazione_messina 
100 |a Rosanna Benzi 
245 0 |a Il vizio di vivere 
260 |b Rusconi 
942 |2 ddc  |c BK 
952 |0 0  |1 0  |2 ddc  |4 0  |6 SCAFFALE_5_000000000000000__ROMANZI  |7 0  |9 31394  |a ME  |b ME  |d 2026-02-11  |l 0  |o SCAFFALE 5 - ROMANZI  |p R-573  |r 2026-02-11 23:52:31  |w 2026-02-11  |x [REVISIONARE]  |y BK 
999 |c 27059  |d 27059